000 00343nam a2200133Ia 4500
005 20251222153631.0
008 251222s9999||||xx |||||||||||||| ||spa||
020 _a978-612-46642-1-2
082 _a634.8/I64
245 0 _aNormas de competencia del operario en el manejo de uva de mesa
250 _a1a.ed.
264 _bIPEBA,
942 _cLIB
999 _c32380
_d32380